000 01139 a2200265 4500
001 37047
005 20260407155641.0
008 260407a1985 arg spa d
003 AR-UNSa-BCEJYS
040 _aAR-UNSa-BCEJYS
_bspa
_cAR-UNSa-BCEJYS
080 _a658.56
_xControl de la calidad. Control de herramientas y material
245 1 0 _aProductividad y calidad
_psu medición como base del mejoramiento
020 _a968-24-1731-7
264 1 _aMéxico :
_bTrillas
_c1985
300 _a210 p.
_c23 cm.
505 _a1. Introducción - 2. Mediciones de productividad para la calidad - 3. Procedimiento de desarrollo de la medición - 4. Resultados de los bancos de la reserva federal - 5. Modelos descriptivos generales - 6. Modelos para el mejoramiento de la administración - 7. Conclusiones sobre calidad y productividad.
942 _cBK
590 _aniveau_biblio:m niveau_hierar:0
100 1 _aSalazar Palacios, José Manuel
700 1 _aAdam, Everett E., Jr.
700 1 _aHershauer, James C.
700 1 _aRuch, William A.
700 1 _aGutierrez Martínez, Rodolfo E.
700 1 _aGarcía de Alba Cantú, Federico
999 _c2700
_d2700